| 000 | 01117nas a2200253Ia 4500 | ||
|---|---|---|---|
| 001 | R416/38295 | ||
| 003 | IT-RoPAU | ||
| 008 | 151124c99999999xx |||||||||||| ||und|| | ||
| 040 | _aIT-RoPAU | ||
| 040 | _cIT-RoPAU | ||
| 041 | _aITALIANO | ||
| 100 |
_aStefani Gino _gCodice Aut. SPICS: 1035 |
||
| 210 | _aNUOVA RIVISTA MUSICALE ITALIANA | ||
| 222 | _aNuova Rivista Musicale Italiana | ||
| 245 |
_aNUOVA RIVISTA MUSICALE ITALIANA (MAGGIO/GIUGNO 1970) _bPadre Martini E L'Eximeno: Bilancio di Una Celebre Polemica Sulla Musica di Chiesa |
||
| 250 | _a1a ed. | ||
| 260 |
_aTORINO _bERI/EDIZIONI RAI _c1970 |
||
| 501 |
_bPaulus - SPICS - Società San Paolo EM (non-commercial uses only) _cCopyright2015 |
||
| 300 | _a19 p. [463-481] | ||
| 362 | _aANNO 004(MAGGIO/GIUGNO 1970) | ||
| 500 | _aCelebre Polemica Avvenuta nel 1774-1775. sono Già Stati Messi in Rilievo da Altri gli Aspetti Propriamente Musicali della Polemica. Restano Ancora in Ombra i Problemi del Rapporto Musica e Chiesa. Canto dei Salmi e Tradizione. Canto Liturgico e Tecnica Co | ||
| 650 |
_aMUSICA _vPUBBLICAZIONE PERIODICA |
||
| 942 | _cCR | ||
| 999 |
_c115091 _d115091 |
||